F1 world champion - Statistiques

Statistiques générales
  • Ce quiz a été pris 113 fois
  • Le résultat moyen est 40 sur 74
Statistiques - réponses
years F1 teams nationalities pilots % Correct
2024 Red Bull Netherlands Max Verstappen
96%
2023 Red Bull Netherlands Max Verstappen
96%
2022 Red Bull Netherlands Max Verstappen
96%
2021 Red Bull Netherlands Max Verstappen
96%
2020 Mercedes United Kingdom Lewis Hamilton
93%
2019 Mercedes United Kingdom Lewis Hamilton
93%
2018 Mercedes United Kingdom Lewis Hamilton
93%
2017 Mercedes United Kingdom Lewis Hamilton
93%
2015 Mercedes United Kingdom Lewis Hamilton
93%
2014 Mercedes United Kingdom Lewis Hamilton
93%
2008 Mercedes-McLaren United Kingdom Lewis Hamilton
93%
2006 Renault Spain Fernando Alonso
80%
2005 Renault Spain Fernando Alonso
80%
2013 Red Bull-Renault Germany Sebastian Vettel
78%
2012 Red Bull-Renault Germany Sebastian Vettel
78%
2011 Red Bull-Renault Germany Sebastian Vettel
78%
2010 Red Bull-Renault Germany Sebastian Vettel
78%
2004 Ferrari Germany Michael Schumacher
75%
2003 Ferrari Germany Michael Schumacher
75%
2002 Ferrari Germany Michael Schumacher
75%
2001 Ferrari Germany Michael Schumacher
75%
2000 Ferrari Germany Michael Schumacher
75%
1995 Benetton-Renault Germany Michael Schumacher
75%
1994 Benetton-Ford Germany Michael Schumacher
75%
2016 Mercedes Germany Nico Rosberg
72%
1991 McLaren-Honda Brazil Ayrton Senna
69%
1990 McLaren-Honda Brazil Ayrton Senna
69%
1988 McLaren-Honda Brazil Ayrton Senna
69%
2007 Ferrari Finland Kimi Räikkönen
66%
1993 Williams-Renault France Alain Prost
65%
1989 McLaren-Honda France Alain Prost
65%
1986 McLaren-TAG Porsche France Alain Prost
65%
1985 McLaren-TAG Porsche France Alain Prost
65%
2009 Brawn-Mercedes United Kingdom Jenson Button
57%
1999 McLaren-Mercedes Finland Mika Häkkinen
54%
1998 McLaren-Mercedes Finland Mika Häkkinen
54%
1997 Williams-Renault Canada Jacques Villeneuve
53%
1984 McLaren-TAG Porsche Austria Niki Lauda
49%
1977 Ferrari Austria Niki Lauda
49%
1975 Ferrari Austria Niki Lauda
49%
1992 Williams-Renault United Kingdom Nigel Mansell
43%
1996 Williams-Renault United Kingdom Damon Hill
41%
1957 Maserati Argentina Juan Manuel Fangio
41%
1956 Ferrari Argentina Juan Manuel Fangio
41%
1955 Mercedes-Benz Argentina Juan Manuel Fangio
41%
1954 Maserati / Mercedes-Benz Argentina Juan Manuel Fangio
41%
1951 Alfa Romeo Argentina Juan Manuel Fangio
41%
1982 Williams-Ford Finland Keke Rosberg
41%
1987 Williams-Honda Brazil Nelson Piquet
40%
1983 Brabham-BMW Brazil Nelson Piquet
40%
1981 Brabham-Ford Brazil Nelson Piquet
40%
1976 McLaren-Ford United Kingdom James Hunt
35%
1973 Tyrrell-Ford United Kingdom Jackie Stewart
34%
1971 Tyrrell-Ford United Kingdom Jackie Stewart
34%
1969 Matra-Ford United Kingdom Jackie Stewart
34%
1953 Ferrari Italy Alberto Ascari
31%
1952 Ferrari Italy Alberto Ascari
31%
1974 McLaren-Ford Brazil Emerson Fittipaldi
31%
1972 Lotus-Ford Brazil Emerson Fittipaldi
31%
1968 Lotus-Ford United Kingdom Graham Hill
27%
1962 BRM United Kingdom Graham Hill
27%
1966 Brabham-Repco Australia Jack Brabham
27%
1960 Cooper-Climax Australia Jack Brabham
27%
1959 Cooper-Climax Australia Jack Brabham
27%
1978 Lotus-Ford UNITED STATES Mario Andretti
24%
1979 Ferrari South Africa Jody Scheckter
22%
1980 Williams-Ford Australia Alan Jones
19%
1965 Lotus-Climax United Kingdom Jim Clark
19%
1963 Lotus-Climax United Kingdom Jim Clark
19%
1964 Ferrari United Kingdom John Surtees
16%
1967 Brabham-Repco New Zealand Denny Hulme
13%
1970 Lotus-Ford Austria Jochen Rindt
13%
1958 Ferrari United Kingdom Mike Hawthorn
12%
1961 Ferrari UNITED STATES Phil Hillv
2%
Aucun quiz correspondant
Distribution des résultats
% des personnes avec chaque résultat
Percentile par nombre de réponses
Votre historique - résultats
Vous n’avez pas pris ce quiz